[Event "Damhusmesterskabet Gruppe D 2011"]
[Site "Rodovre"]
[Date "2011.10.25"]
[Round "7"]
[White "Stentsoe, Daniel"]
[Black "Gemzoe, Bjorn"]
[Result "0-1"]
[WhiteElo "1000"]
[BlackElo "1343"]
[PlyCount "50"]
[EventDate "2011.??.??"]


1. e4 e5 2. Nf3 d6 3. Bc4 h6 4. d3 Nf6 5. h3 Be7 6. Nc3 c6 7. Be3 a6 8. Na4
Nbd7 9. c3 b5 10. Nb6 Nxb6 11. Bxb6 Qxb6 12. Qb3 O-O 13. a4 Rb8 14. axb5 cxb5
15. Bxb5 Qxb5 16. Qxb5 Rxb5 17. c4 Rxb2 18. O-O Bd8 19. Rfd1 Bb6 20. Kh2 Nh5
21. g3 Rxf2+ 22. Kg1 Rxf3+ 23. Kh1 Rxg3 24. Rd2 Rxh3+ 25. Kg2 Nf4+ 0-1

[Event "Damhusmesterskabet Gruppe D 2011"]
[Site "Rodovre"]
[Date "2011.10.25"]
[Round "7"]
[White "Wadtland, Flemming"]
[Black "Hansen, Soren Sonderkaer"]
[Result "1/2-1/2"]
[WhiteElo "1061"]
[BlackElo "1300"]
[PlyCount "127"]
[EventDate "2011.??.??"]


1. c4 e5 2. Nc3 Nf6 3. g3 Bc5 4. e3 d6 5. Bg2 c6 6. d4 Bb6 7. dxe5 dxe5 8.
Qxd8+ Bxd8 9. Nge2 Be6 10. b3 Ba5 11. O-O Nbd7 12. Ba3 Bb6 13. Na4 h5 14. Nxb6
axb6 15. Bb2 h4 16. a4 hxg3 17. fxg3 Bh3 18. Bxh3 Rxh3 19. Kg2 Rh6 20. h3 Ne4
21. Rad1 f6 22. Nc3 Nxc3 23. Bxc3 Nc5 24. Rb1 O-O-O 25. Rf3 Ne4 26. Be1 Nd2 27.
Bxd2 Rxd2+ 28. Rf2 Rxf2+ 29. Kxf2 Rxh3 30. Kg2 Rh5 31. Rd1 Kc7 32. b4 e4 33. g4
Rg5 34. Kg3 c5 35. b5 Re5 36. Kh4 Re8 37. Kg3 Ra8 38. Rh1 Rg8 39. Kf4 Re8 40.
Kf5 Kd6 41. Kg6 Re7 42. Rh7 Ke6 43. Rh5 Rd7 44. Rh7 Rd3 45. Rxg7 Rxe3 46. Rxb7
Rg3 47. Rxb6+ Ke5 48. Kh5 e3 49. Rb8 Kd4 50. Rd8+ Kxc4 51. b6 e2 52. Re8 Rb3
53. Rxe2 Rxb6 54. Kg6 Kd4 55. g5 fxg5+ 56. Kxg5 c4 57. Rd2+ Kc3 58. Rd5 Ra6 59.
Kf4 Rxa4 60. Ke3 Kb3 61. Rd7 c3 62. Kd3 Rb4 63. Rc7 Kb2 64. Rxc3 1/2-1/2

[Event "Damhusmesterskabet Gruppe D 2011"]
[Site "Rodovre"]
[Date "2011.10.25"]
[Round "7"]
[White "Grum Schwensen, Jens"]
[Black "Breinholt, Bendt"]
[Result "1-0"]
[WhiteElo "1300"]
[BlackElo "1000"]
[PlyCount "55"]
[EventDate "2011.??.??"]


1. d4 d5 2. c4 dxc4 3. e4 b5 4. b3 e6 5. bxc4 Bb4+ 6. Bd2 a5 7. Bc3 Bxc3+ 8.
Nxc3 b4 9. Na4 Ne7 10. d5 e5 11. Nf3 Ng6 12. Nc5 O-O 13. a3 Na6 14. Nxa6 Rxa6
15. c5 Rf6 16. Be2 Rf4 17. Qd3 b3 18. Qxb3 Rxe4 19. Qd3 Bf5 20. Qd2 Nf4 21. Kf1
h6 22. Re1 g5 23. Bd3 Ra4 24. Bxf5 Rxa3 25. d6 Rd3 26. Bxd3 cxd6 27. cxd6 Qxd6
28. Bh7+ 1-0

[Event "Damhusmesterskabet Gruppe D 2011"]
[Site "Rodovre"]
[Date "2011.10.25"]
[Round "7"]
[White "Wisal, Zoran"]
[Black "Nielsen, Niels Holger"]
[Result "1/2-1/2"]
[WhiteElo "1375"]
[BlackElo "1355"]
[PlyCount "82"]
[EventDate "2011.??.??"]


1. d4 Nf6 2. c4 g6 3. Bd2 Bg7 4. Qc2 O-O 5. Nf3 d6 6. e4 Nbd7 7. Bc3 e5 8. d5
Nc5 9. Nbd2 b6 10. b4 Nb7 11. Be2 Qe7 12. h3 Nh5 13. Nh2 Nf4 14. Bf3 Nd8 15.
Ng4 Nh5 16. a3 c6 17. Ne3 Nf6 18. b5 c5 19. a4 Ne8 20. Ng4 f5 21. Ne3 f4 22.
Ng4 h5 23. Nh2 Nf6 24. Nb3 Nh7 25. Qe2 Qf7 26. a5 Rb8 27. a6 Qe8 28. O-O-O Nf7
29. h4 Nh6 30. g4 fxg3 31. fxg3 Nf6 32. Rdf1 Nhg4 33. Nxg4 Nxg4 34. Bd2 Bd7 35.
Bg5 Bf6 36. Bxf6 Rxf6 37. Bxg4 Bxg4 38. Qe3 Qf8 39. Nd2 Kh7 40. Qg5 Rxf1+ 41.
Rxf1 Qg7 1/2-1/2

[Event "Damhusmesterskabet Gruppe D 2011"]
[Site "Rodovre"]
[Date "2011.10.25"]
[Round "7"]
[White "Dyremose, Morten Sigvart"]
[Black "Jorgensen, Henry Lund"]
[Result "0-1"]
[WhiteElo "1115"]
[BlackElo "1316"]
[PlyCount "88"]
[EventDate "2011.??.??"]


1. e4 e5 2. Bc4 Nf6 3. d3 Bc5 4. Bg5 Bxf2+ 5. Kxf2 Ng4+ 6. Qxg4 f6 7. Be3 g6 8.
Nf3 d5 9. Bb5+ c6 10. Bxc6+ Nxc6 11. Qg3 Nb4 12. Ne1 dxe4 13. Nc3 exd3 14. cxd3
Nxd3+ 15. Nxd3 Qxd3 16. Rad1 Qc2+ 17. Rd2 Qf5+ 18. Ke2 b6 19. Rhd1 Ba6+ 20. Rd3
e4 21. Nxe4 Qxe4 22. Qd6 Qe7 23. Qc6+ Kf7 24. Kf2 Bxd3 25. Rxd3 Rad8 26. Qc4+
Kg7 27. Qa6 Rxd3 28. Qxd3 Rd8 29. Qc4 Qe5 30. b3 Re8 31. Qd4 Qxd4 32. Bxd4 Rc8
33. Kf3 Rc2 34. a3 Ra2 35. a4 Ra3 36. Bf2 Rxb3+ 37. Ke2 Ra3 38. Kd2 Rxa4 39.
Ke3 a5 40. Ke2 Ra2+ 41. Ke3 Rxf2 42. Kxf2 a4 43. Ke2 a3 44. Kd2 a2 0-1